Southville International School and Colleges
Your cart is empty.
  • Cart
  • Lists
    Public lists Eva Luna New books Lux_list list_1
    Your lists Log in to create your own lists
  • Log in to your account
  • Your cookies
  • Search history
Southville International School and Colleges
  • Advanced search
  • Recent comments
  • Most popular
  • Libraries

Log in to your account

Log in with GOOGLE


If you do not have an external account, but do have a local account, you can still log in:

  1. Home
  2. MARC view: Say it now :
Normal view MARC view ISBD view

Say it now : (Record no. 35855)

[ view plain ]
MARC details
000 -LEADER
fixed length control field 00489nam a22001697a 4500
003 - CONTROL NUMBER IDENTIFIER
control field OSt
005 - DATE AND TIME OF LATEST TRANSACTION
control field 20140311134813.0
008 - FIXED-LENGTH DATA ELEMENTS--GENERAL INFORMATION
fixed length control field 130607t xxu||||| |||| 00| 0 eng d
020 ## - INTERNATIONAL STANDARD BOOK NUMBER
International Standard Book Number 0534002781
050 ## - LIBRARY OF CONGRESS CALL NUMBER
Classification number PE 1408
Item number .G984 1973
082 ## - DEWEY DECIMAL CLASSIFICATION NUMBER
Classification number M 808.042
Item number G98 1973
245 ## - TITLE STATEMENT
Title Say it now :
Remainder of title activities for college writing /
Statement of responsibility, etc Guth, Hans P.
260 ## - PUBLICATION, DISTRIBUTION, ETC. (IMPRINT)
Place of publication, distribution, etc California :
Name of publisher, distributor, etc Wadsworth Publishing Company Inc,
Date of publication, distribution, etc 1973
300 ## - PHYSICAL DESCRIPTION
Extent 206 p. :
Dimensions 28 cm.
942 ## - ADDED ENTRY ELEMENTS (KOHA)
Source of classification or shelving scheme Library of Congress Classification
Koha item type Books
Call number prefix
Holdings
Withdrawn status Lost status Source of classification or shelving scheme Damaged status Home library Current library Shelving location Date acquired Source of acquisition Total Checkouts Full call number Barcode Date last seen Copy number Price effective from Koha item type
    Library of Congress Classification   Archives Archives   06/07/2013 Donation   PE 1408 .G984 1973 C4202 05/15/2018 1 06/07/2013 Books

Say it now :

APA

(1973). Say it now. California: Wadsworth Publishing Company Inc.

Chicago

1973. Say it now. California: Wadsworth Publishing Company Inc.

Harvard

(1973). Say it now. California: Wadsworth Publishing Company Inc.

MLA

Say it now. California: Wadsworth Publishing Company Inc. 1973.

  • Place hold
  • Print
  • Cite
  • Add to your cart (remove)
  • Save record
    BIBTEX Dublin Core MARCXML MARC (non-Unicode/MARC-8) MARC (Unicode/UTF-8) MARC (Unicode/UTF-8, Standard) MODS (XML) RIS
  • More searches
    Search for this title in:
    Other Libraries (WorldCat) Other Databases (Google Scholar) Online Stores (Bookfinder.com) Open Library (openlibrary.org)

Exporting to Dublin Core...

SOUTHVILLE LIBRARY

Southville International School and Colleges Library

1281 Tropical Ave. Cor. Luxembourg St., BF Homes International, Las Pinas City

Tel. No. 8256374 / 252358 Loc. 117/146

Powered by Koha